Culture Générale - Série 1220 - Statistiques

Statistiques générales
  • Ce quiz a été pris 91 fois
  • Le résultat moyen est 5 sur 10
Statistiques - réponses
Question Réponse % Correct
Quel lien de parenté unit les 3 membres du groupe "The Bee Gees" ? frères
95%
Quel mot, signifiant "dragon" en français, désigne les navires jadis utilisés par les Vikings ? drakkar
80%
Dans quelle ville des Alpes-Maritimes, les studios de cinéma de la Victorine ont-ils été créés ? Nice
69%
Dans quelle ville du Maroc se trouve la place Djemaa el-Fna ? Marrakech
60%
Que signifient les initiales du magazine “VSD” ? Vendredi-Samedi-Dimanche
53%
Dans les années 1960, quelle actrice a interprété "Angélique" dans les films du même nom ? Michèle Mercier
35%
“Notre père qui êtes aux Cieux Restez-y. Et nous nous resterons sur la Terre. Qui est quelquefois si jolie.” Qui a écrit ces vers ? Jacques Prévert
31%
Quel cinéaste obtient le Lion d'or à Venise ainsi que le César du meilleur film pour “Au revoir les enfants” ? Louis Malle
22%
Au Japon, de 1192 à 1868, quel est le titre du détenteur effectif du pouvoir, secondé par des samouraïs ? Shogun
20%
Quel film de Claude Chabrol réunit Sandrine Bonnaire et Isabelle Huppert en 1995 ? La Cérémonie
6%
Aucun quiz correspondant
Distribution des résultats
% des personnes avec chaque résultat
Percentile par nombre de réponses
Votre historique - résultats
Vous n’avez pas pris ce quiz